000 01638nam0a2200349 i 4500
001 RU\NLR\BIBL_A\010884023
005 20260405210349.0
010 _a9785922204798
_9500
021 _aRU
_b2015-78179
_94729
035 _a(NILC)RuMoRGB-008039687
035 _a(NLR Aleph) 010884023
090 _a10516978
_c10516978
100 _a20151106d2011 k y0rusy50 ca
101 0 _arus
102 _aRU
105 _aa|||z||||||y|
200 1 _aКлинические рекомендации по диагностике и лечению внебольничных пневмоний у взрослых
_fР.Ф. Хамитов, А.А. Визель, Н.Б. Амиров [и др.]
_gГБОУ ВПО "Казанский гос. мед. ун-т М-ва здравоохранения и социального развития РФ", М-во здравоохранения РТ, Мед.-санитарная часть М-ва внутренних дел РФ по РТ
210 _aКазань
_c[б. и.]
_d2011
215 _a98 с.
_cил.
_d21
300 _aНа обл. авт. не указаны
320 _aБиблиогр.: с. 95-97
606 _aПневмонии
_9945443
_3RU\NLR\AUTH\6631964
675 _a616.2
686 1 _aР412.301.1
701 1 _8rus
_7ca
_aХамитов
_bР. Ф.
_f1964-
_gРустем Фидагиевич
_3RU\NLR\AUTH\7793537
_976463
701 1 _aВизель
_bА. А.
_gАлександр Андреевич
701 1 _aАмиров
_bН. Б.
_gНаиль Багаувич
801 0 _aRU
_bРГБ
_c20151008
_gRCR
942 _cBOOK
980 _aNBR